| 000 | 00638nam a2200193 a 4500 | ||
|---|---|---|---|
| 008 | 120416s1989 ||||||||||||||||| || u | ||
| 020 | _a019851994X | ||
| 050 | _aQC 611 Jar | ||
| 100 | _aJaros, M | ||
| 245 | 1 | 0 | _aPhysics and applications of semi-conductor microstructures |
| 260 |
_aOxford _bClarendon _c1989 |
||
| 300 | _axi, 245p. : ill. | ||
| 350 | _a0.00 | ||
| 650 | _aELECTRICITY | ||
| 650 | _aQUANTUM WELLS | ||
| 650 | _aMICROSTRUCTURE | ||
| 650 | _aSEMICONDUCTORS | ||
| 995 |
_D0.00 _FCBU-MAIN LIBRARY (Kitwe) _H1 _I30.00 _M1 _UAVAILABLE _ZMain Library Open Access Collection |
||
| 999 |
_c53596 _d53596 |
||